00356nam a2200133Ia 4500008004100000041000800041082002000049100001100069245004500080250001400125260003900139300003300178365001100211240624s9999 xx 000 0 und d aeng a658.4038011 JES aJESSUP aINFORMATION SYSTEMS TODAY WHY IS MATTERS a(2nd ed.) c2008aNew DelhibPearson Education axxiii, : 478 : p. : cm. ; 27 cRSb41